Gramatická charakteristika abreviatúr

Používanie skratiek v elektronicky sprostredkovanej komunikácii z gramatického hľadiska. Menné gramatické kategórie abreviatúr. Zmena slovného druhu abreviačných motivátov. Slovesné gramatické kategórie abreviatúr.

Gespeichert in:
Bibliographische Detailangaben
1. Verfasser: Maierová, Eva, 1965-
Format: Buchkapitel
Sprache:Slowakisch
Schlagworte:
Tags: Tag hinzufügen
Keine Tags, Fügen Sie das erste Tag hinzu!

MARC

LEADER 00000nla a2200000 4500
001 0239558
005 20240502073901.7
041 0 |a slo 
044 |a SK 
245 1 0 |a Gramatická charakteristika abreviatúr  |c Eva Maierová 
520 |a Používanie skratiek v elektronicky sprostredkovanej komunikácii z gramatického hľadiska. Menné gramatické kategórie abreviatúr. Zmena slovného druhu abreviačných motivátov. Slovesné gramatické kategórie abreviatúr. 
610 2 0 |a jazykoveda 
610 2 0 |a jazyky cudzie 
610 2 0 |a komunikácia 
610 2 0 |a komunikácia elektronická 
610 2 0 |a angličtina 
610 2 0 |a gramatika 
100 1 |a Maierová, Eva, 1965-